| 000 | 00462nam a2200193Ia 4500 | ||
|---|---|---|---|
| 005 | 20240823041700.0 | ||
| 008 | 240823s9999||||xx |||||||||||||| ||und|| | ||
| 020 | _a81-85392-25-0 | ||
| 041 | _aENGLISH | ||
| 082 | _A158.1 N9 | ||
| 100 | _aRoger B Yepsen | ||
| 245 | 0 | _aHow to Boost your Brain Power | |
| 250 | _a1st | ||
| 260 |
_c1999 _b"Universal Book Stall,New Delhi" |
||
| 500 | _aYES | ||
| 650 |
_aGeneral _bGeneral |
||
| 942 | _cBK | ||
| 999 |
_c206084 _d206084 |
||